000
00227 a2200097 4500
001
1132
100
_a
Jackson, S.P
245
_a
Selection and application ofmetallic rectifiers
260
_a
_b
Mcgrawhill
_c
090
_c
694
_d
694
942
_a
NUST-CAE
_c
33533
_c
M
999
_c
236205
_d
236205